[Event "SVK-ch U16"]
[Site "Slovakia"]
[Date "2001.02.19"]
[Round "3"]
[White "Kendi, Peter"]
[Black "Joba, Tamas"]
[Result "1/2-1/2"]
[WhiteElo "1556"]
[BlackElo "1696"]
[PlyCount "47"]
[EventDate "2001.02.17"]
[EventType "swiss"]
[EventRounds "9"]
[EventCountry "SVK"]
[SourceTitle "EXT 2009"]
[Source "ChessBase"]
[SourceDate "2008.11.26"]
[SourceVersion "1"]
[SourceVersionDate "2008.11.26"]
[SourceQuality "1"]

1. e4 c5 2. c4 d6 3. Nc3 Nf6 4. Be2 e6 5. Nf3 Be7 6. d3 Nc6 7. 0-0 0-0 8. b3 a6 9. Bb2 Qc7 10. d4 cxd4 11. Nxd4 b6 12. Bf3 Ne5 13. Be2 Bb7 14. Bd3 Rfd8 15. Nf3 Nxd3 16. Qxd3 d5 17. exd5 exd5 18. cxd5 Nxd5 19. Rac1 Qf4 20. Nxd5 Rxd5 21. Qc4 Qxc4 22. Rxc4 Rc5 23. Rxc5 Bxc5 24. Bd4 1/2-1/2